000 00311nam a22001337a 4500
008 171013b xxu||||| |||| 00| 0 eng d
020 _a2900077381973
041 _aeng
080 _29TH
_a316
100 _a51
101 _aSOC
245 _aSCIENCE, TECHNOLOGY, AND SOCIOLOGY
_cEASTON,TH,A
942 _2udc
_cBK
999 _c33675
_d33675